000 00414nam a2200181Ia 4500
001 4727
005 20260306145816.0
008 260306t2012||||xx |||||||||||||| ||spa||
041 _aESP
082 _a330.0151
_bS99
100 _aSydsaeter, Knut
_eAUT
245 0 _aMatemáticas para el análisis económico
260 _c2012
300 _a
_c
650 _aGEN
654 _aCAN
942 _cLIB
_dJUS
_fJUS
_2ddc
_n
999 _c4727
_d4727